Flags of the UK - Statistics

General Stats
  • This quiz has been taken 1,151 times
  • The average score is 9 of 20
Answer Stats
Picture Answer % Correct
United Kingdom
100%
England
98%
Scotland
98%
Wales
98%
Isle of Man
83%
Northern Ireland
80%
Gibraltar
58%
Jersey
48%
Guernsey
46%
Cornwall
44%
Falklands
30%
British Virgin Islands
23%
Shetland
23%
Essex
20%
Orkney
20%
Kent
19%
Cayman Islands
18%
British Antarctic Territory
15%
Northumberland
14%
Dorset
10%
No matching quizzes found
Score Distribution
Percent of People with Each Score
Percentile by Number Answered
Your Score History
You have not taken this quiz